Vysokoúčinná kvapalinová chromatografia v analýze liečiv a látok ovplyvňujúcich životné prostredie Habilitačná práca

Saved in:
Bibliographic Details
Main Author: Hroboňová, Katarína, 1970-
Format: Book
Language:Slovak
Published: Bratislava STU FCHPT
Online Access:View in OPAC
Tags: Add Tag
No Tags, Be the first to tag this record!

MARC

LEADER 00000nam a2200000 a 4500
005 20260127133946.0
008 050126 2003 xo 000 0 slo d
035 |a vtls001490797 
039 9 |a 201912071001  |b AUTHORITY  |c 201912070958  |d AUTHORITY  |c 200612131401  |d mschk04  |c 200502101150  |d mschk04  |y 200501261411  |z mschk04 
040 |a STUSCHK1  |b slo  |c STUSCHK1  |e AACR2 
080 |a 543.544(043.5) 
100 1 |a Hroboňová, Katarína,  |d 1970-  |9 96 
245 1 |a Vysokoúčinná kvapalinová chromatografia v analýze liečiv a látok ovplyvňujúcich životné prostredie  |b Habilitačná práca 
260 |a Bratislava  |b STU FCHPT 
300 |a 42 s. + príloha 
500 |a Dát.obháj.: 19.10.2004, Katedra analytickej chémie 
910 |a SCHK95 
999 |c 910  |d 910